| 000 | 00510nam a2200181Ia 4500 | ||
|---|---|---|---|
| 999 |
_c36746 _d36746 |
||
| 003 | OSt | ||
| 005 | 20201218112638.0 | ||
| 008 | 190216s9999||||xx |||||||||||||| ||und|| | ||
| 020 | _a9788186830956 | ||
| 040 | _coclc | ||
| 082 |
_a423.1 _bNOR/D |
||
| 100 |
_aNormandy, Eric _97666 |
||
| 245 | 0 |
_aDictionary Of Synonyms & Antonyms / _cEric Normandy |
|
| 260 |
_bPentagon Press, _c2004. _aDelhi: |
||
| 300 | _a230p | ||
| 650 | _aEnglish | ||
| 942 |
_cREF _2ddc _h423.1 _iNOR/D _k423.1 _mNOR/D |
||